| 000 | 00669na a2200205 4500 | ||
|---|---|---|---|
| 001 | 24051 | ||
| 003 | MIRAKIL | ||
| 005 | 20181213155328.0 | ||
| 008 | 180306b tu 000 0 | ||
| 040 |
_aMilas _btur _cTR-AnCHP |
||
| 041 | _atur | ||
| 082 |
_a353.0312 _bC85 1999 |
||
| 090 | _a353.0312 C85 1999 | ||
| 245 |
_aCumhurbaşkanı Sayın Süleyman Demirel'in CNN Türk televizyonunda yayınlanan mülâkatı _cSüleyman Demirel |
||
| 260 |
_aAnkara _b[Cumhurbaşkanlığı] _c1999 _fBaşbakanlık Basımevi |
||
| 300 |
_a37 s. _c20 sm. |
||
| 600 |
_aDemirel, Süleyman _xMülakatlar _zTürkiye |
||
| 650 |
_aCumhurbaşkanları _xMülakatlar |
||
| 942 |
_2dcc _cBKS |
||
| 999 |
_c10615 _d10615 |
||